MARC

LEADER 00000nam0a2200000 4500
001 62590
005 20231031063650.0
010 |a 5343006302 
035 |a (RuTPU)RU\TPU\book\66396 
090 |a 62590 
100 |a 20040415d1990 km y0rusy50 ca 
101 0 |a rus 
102 |a UA 
105 |a a z 001zy 
200 1 |a Математические модели и методы оптимального проектирования СВЧ приборов  |f А. А. Кураев, В. Б. Байбурин, Е. М. Ильин 
210 |a Киев  |c Наука и техника  |d 1990 
215 |a 392 с.  |c ил. 
320 |a Библиогр.: с. 378-390 
610 1 |a электронные приборы 
610 1 |a СВЧ 
610 1 |a математические модели 
610 1 |a проектирование 
610 1 |a генераторы 
610 1 |a катоды 
610 1 |a усилители 
610 1 |a САПР 
610 1 |a клистроны 
610 1 |a гирорезонансные приборы 
610 1 |a моделирование 
675 |a 621.385.6.001  |v 3 
700 1 |a Кураев  |b А. А.  |g Александр Александрович 
701 1 |a Байбурин  |b В. Б.  |g Вил Бариевич 
701 1 |a Ильин  |b Е. М.  |g Евгений Михайлович 
801 1 |a RU  |b 63413507  |c 20040415  |g PSBO 
801 2 |a RU  |b 63413507  |c 20111017  |g PSBO 
942 |c BK